000 00691nam a2200241 i 4500
001 000017151
003 DO-SdBNP
005 20240109133731.0
006 a||||gr|||| 00| 0
007 ta
008 100319e1967 dr 000 0 spa d
040 _aDO-SdBNP
_bspa
_cBNPHU
_erda
082 _bL579c
_222
100 1 _aDe León Marte, Pedro
_937773
_eautor
245 1 0 _aCimientos del idioma caona /
_cPedro De León Marte.
264 1 _aSanto Domingo :
_bMartorell,
_c1967.
300 _a52 páginas ;
_c20 cm.
336 _2rdacontent
_atexto
_btxt
337 _2rdamedia
_asin mediación
_bn
338 _2rdacarrier
_avolumen
_bnc
590 _aInventariado 2024 / MF
942 _2ddc
_cLBS1
999 _c16677
_d16677